000 00491nam a2200169Ia 4500
999 _c4536
_d4536
003 OSt
005 20200120115939.0
008 190216s9999||||xx |||||||||||||| ||und||
020 _a0706907531
040 _coclc
082 _a658.45
_bBAL/B
100 _aBalasubrahmanyan, M
_91333
245 0 _aBusiness Communications /
_cM Balasubrahmanyan
260 _bVikas Publications,
_c1979.
_aNew Delhi:
300 _a243p
942 _cBK
_2ddc
_h658.45
_iBAL/B
_k658.45
_mBAL/B